Kliknij miasta Polski na mapie - Statystyki

Ogólne statystyki
  • Ten quiz został rozwiązany 40 razy
  • Średni wynik to 45 z 70
Odpowiedzi na mapie
Odpowiedzi zakodowano w zielono-czerwonej skali na mapie do tego quizu, zgodnie z poniższymi procentami.
 
Statystyki odpowiedzi
Odpowiedź % Poprawnych
Suwałki
92%
Białystok
89%
Zakopane
89%
Częstochowa
81%
Hel
81%
Świnoujście
81%
Elbląg
78%
Łódź
78%
Olsztyn
78%
Szczecin
78%
Zielona Góra
78%
Gdańsk
76%
Gdynia
76%
Gorzów Wielkopolski
76%
Kołobrzeg
76%
Kraków
76%
Opole
76%
Wrocław
76%
Koszalin
73%
Nowy Sącz
73%
Rzeszów
73%
Słupsk
73%
Warszawa
73%
Wejherowo
73%
Grudziądz
70%
Łomża
70%
Piła
70%
Przemyśl
70%
Skierniewice
70%
Zamość
70%
Gniezno
68%
Kalisz
68%
Legnica
68%
Lublin
68%
Płock
68%
Radom
68%
Siedlce
68%
Tarnobrzeg
68%
Tarnów
68%
Toruń
68%
Biała Podlaska
65%
Kielce
65%
Leszno
65%
Ostrowiec Świętokrzyski
65%
Wałbrzych
65%
Jelenia Góra
62%
Konin
62%
Poznań
62%
Chojnice
59%
Gliwice
59%
Krosno
59%
Mława
59%
Piotrków Trybunalski
59%
Bielsko-Biała
57%
Bydgoszcz
57%
Dąbrowa Górnicza
54%
Głogów
54%
Rybnik
54%
Włocławek
51%
Katowice
46%
Mysłowice
43%
Zabrze
43%
Bytom
41%
Jastrzębie-Zdrój
41%
Jaworzno
41%
Chorzów
35%
Ruda Śląska
35%
Siemianowice Śląskie
35%
Tychy
35%
Sosnowiec
30%
Nie znaleziono quizów pasujących do podanych kryteriów
Rozkład punktacji
Procent ludzi z każdym wynikiem
Percentyl według liczby udzielonych odpowiedzi
Twoja historia wyników
Nie rozwiązałeś tego quizu